Application of stochastic index numbers in inflation measurement - the case of Poland
Prístup k mearniu inflácie v neurčitosti, a to na základe individuálnych cien. Stochastický prístup prezentuje model, ktorý vedie ku vzorcu cenového indexu, pozostávajúceho z nedávno prezentovaných špekulácií o jeho zhotovení. Model overený na reálnych dátach z Hlavného štatistického úradu, a zárove...
Salvato in:
| Autore principale: | |
|---|---|
| Natura: | Capitolo di libro |
| Lingua: | inglese |
| Soggetti: | |
| Tags: |
Nessun Tag, puoi essere il primo ad aggiungerne!!
|
MARC
| LEADER | 00000naa a2200000 4500 | ||
|---|---|---|---|
| 001 | 0190973 | ||
| 005 | 20240417075047.2 | ||
| 041 | 0 | |a eng | |
| 044 | |a CZ | ||
| 245 | 1 | 0 | |a Application of stochastic index numbers in inflation measurement - the case of Poland |c Jacek Białek |
| 520 | |a Prístup k mearniu inflácie v neurčitosti, a to na základe individuálnych cien. Stochastický prístup prezentuje model, ktorý vedie ku vzorcu cenového indexu, pozostávajúceho z nedávno prezentovaných špekulácií o jeho zhotovení. Model overený na reálnych dátach z Hlavného štatistického úradu, a zároveň poukazujúci na mierne odchýlky vo výstupoch meraní. | ||
| 610 | 2 | 0 | |a inflácia |
| 610 | 2 | 0 | |a modely stochastické |
| 610 | 2 | 0 | |a indexy cenové |
| 610 | 2 | 0 | |a úrady štatistické |
| 610 | 2 | 0 | |a teória inflácie |
| 610 | 2 | 0 | |a teória merania |
| 610 | 2 | 0 | |a Poľsko |
| 100 | 1 | |a Białek, Jacek | |